[Event "CAN-ch Highschool"]
[Site "Moncton CAN"]
[Date "1977.??.??"]
[Round "3"]
[White "Cavanagh, Jeff"]
[Black "Barbeau, Sylvain"]
[Result "1-0"]
[WhiteElo "1547"]
[BlackElo "1875"]
[PlyCount "117"]
[EventDate "1977.07.21"]
[EventType "tourn"]
[EventRounds "6"]
[EventCountry "CAN"]

1. e4 c5 2. Nc3 d6 3. f4 g6 4. Nf3 Bg7 5. Bc4 Nc6 6. O-O e6 7. d3 Nge7 8. Qe1
O-O 9. f5 exf5 10. Qh4 h5 11. Bg5 Qd7 12. h3 Kh8 13. Bf6 Ng8 14. Bxg7+ Kxg7 15.
exf5 Qe7 16. fxg6 fxg6 17. Qg3 Qe3+ 18. Kh1 Qf4 19. Qxf4 Rxf4 20. Nd5 Rf8 21.
Rae1 Bd7 22. Nc7 Rac8 23. Nb5 Rf6 24. Ng5 Rcf8 25. Rxf6 Rxf6 26. Ne4 Rf4 27.
Nbxd6 b6 28. Kg1 Nd4 29. c3 Nc6 30. Rf1 Rxf1+ 31. Kxf1 Nge7 32. Ke2 Ne5 33. Bb3
N7c6 34. Nc4 Nxc4 35. Bxc4 Ne5 36. Bd5 Bb5 37. c4 Bd7 38. Ke3 Bf5 39. d4 Bxe4
40. Kxe4 Nd7 41. Bc6 Nf6+ 42. Ke5 cxd4 43. Kxd4 Kf7 44. Ke5 Ke7 45. b4 g5 46.
c5 bxc5 47. bxc5 g4 48. Bb5 gxh3 49. gxh3 Nd7+ 50. Bxd7 Kxd7 51. Kd5 Kc7 52. h4
Kd7 53. Ke5 Kc6 54. Kf5 Kxc5 55. Kg5 Kd6 56. Kxh5 Ke7 57. Kg6 Kf8 58. a4 a5 59.
Kf6 1-0

[Event "CAN-ch Highschool"]
[Site "Moncton CAN"]
[Date "1977.??.??"]
[Round "4"]
[White "Barbeau, Sylvain"]
[Black "Johnstone, Glenn"]
[Result "1/2-1/2"]
[WhiteElo "1875"]
[BlackElo "1666"]
[PlyCount "99"]
[EventDate "1977.07.21"]
[EventType "tourn"]
[EventRounds "6"]
[EventCountry "CAN"]

1. Nf3 Nc6 2. d4 d5 3. c4 Bg4 4. e3 e5 5. Qb3 Bxf3 6. gxf3 Nf6 7. cxd5 Qxd5 8.
Qxd5 Nxd5 9. dxe5 Nxe5 10. f4 Bb4+ 11. Ke2 Nc4 12. a3 Be7 13. b3 Na5 14. Bg2
Nxb3 15. Ra2 Nxc1+ 16. Rxc1 O-O-O 17. Nc3 Nxc3+ 18. Rxc3 Bf6 19. Rb3 b6 20. a4
a5 21. Rc2 Rd6 22. Bh3+ Kb8 23. Rc5 Rhd8 24. Rc2 Rd1 25. Bg2 Ra1 26. Bc6 Rdd1
27. Kf3 Rac1 28. Rxc1 Rxc1 29. Be8 Ra1 30. Bc6 Ra2 31. Kg3 Be7 32. Rc3 Rd2 33.
Rc4 Kc8 34. Kf3 Rd6 35. Rc2 Rh6 36. Kg3 Bd6 37. Rc4 Kd8 38. Kg2 Ke7 39. Re4+
Re6 40. Rc4 Rh6 41. Re4+ Re6 42. Kf3 Bb4 43. Bd5 Rxe4 44. Kxe4 f6 45. Kd4 Kd6
46. Be4 h6 47. Bg6 Bd2 48. Bf7 Be1 49. f3 Bf2 50. Bc4 1/2-1/2

[Event "CAN-ch Highschool"]
[Site "Moncton CAN"]
[Date "1977.??.??"]
[Round "5"]
[White "Beed, Brian"]
[Black "Barbeau, Sylvain"]
[Result "0-1"]
[WhiteElo "1473"]
[BlackElo "1875"]
[PlyCount "44"]
[EventDate "1977.07.21"]
[EventType "tourn"]
[EventRounds "6"]
[EventCountry "CAN"]

1. d4 Nf6 2. c4 g6 3. Nc3 d5 4. cxd5 Nxd5 5. e4 Nxc3 6. bxc3 Bg7 7. Nf3 c5 8.
Bb2 O-O 9. Bc4 Bg4 10. dxc5 Qa5 11. Rc1 Nc6 12. h3 Rad8 13. Qe2 Bxf3 14. Qxf3
Ne5 15. Qe2 Qxc5 16. Bxf7+ Rxf7 17. O-O Rdf8 18. Rc2 Nc4 19. Kh1 Nxb2 20. Rxb2
b6 21. Rc2 Be5 22. f3 Qc6 0-1

[Event "CAN-ch Highschool"]
[Site "Moncton CAN"]
[Date "1977.??.??"]
[Round "7"]
[White "Barbeau, Sylvain"]
[Black "Cosman, Billy"]
[Result "1-0"]
[WhiteElo "1875"]
[BlackElo "1491"]
[PlyCount "45"]
[EventDate "1977.07.21"]
[EventType "tourn"]
[EventRounds "6"]
[EventCountry "CAN"]

1. Nf3 d5 2. e3 Nf6 3. b3 Bg4 4. Bb2 Nc6 5. Bb5 e6 6. h3 Bh5 7. O-O Bd6 8. c4
a6 9. Bxc6+ bxc6 10. d3 e5 11. Nbd2 O-O 12. Qc2 Re8 13. c5 e4 14. dxe4 Bxf3 15.
Nxf3 dxe4 16. Nd4 Bf8 17. Rac1 Qd5 18. Rfd1 Nd7 19. Nb5 Qxc5 20. Nxc7 Qxc2 21.
Rxc2 Nc5 22. Nxa8 Rxa8 23. Ba3 1-0

[Event "Open de Montreal"]
[Site "Montreal CAN"]
[Date "1991.04.27"]
[Round "2"]
[White "Teuton, Frank"]
[Black "Barbeau, Sylvain"]
[Result "0-1"]
[WhiteElo "2100"]
[BlackElo "2300"]
[PlyCount "76"]
[EventDate "1991.04.26"]
[EventType "swiss"]
[EventRounds "5"]
[EventCountry "CAN"]

1. e4 c5 2. Nf3 Nc6 3. d4 cxd4 4. Nxd4 Nf6 5. Nc3 d6 6. Bg5 Bd7 7. Qd2 Rc8 8.
Be2 Nxd4 9. Qxd4 Qa5 10. Be3 a6 11. O-O e6 12. f4 Bc6 13. Bf3 Be7 14. Rad1 O-O
15. a3 b5 16. e5 dxe5 17. fxe5 Bxf3 18. gxf3 Nd5 19. Nxd5 exd5 20. c3 Bc5 21.
Qf4 Qa4 22. Bd4 a5 23. Rd2 Rc6 24. Rfd1 Be7 25. Qf5 b4 26. axb4 axb4 27. Kh1
Rd8 28. Rg1 Rg6 29. Rxg6 hxg6 30. Qd3 bxc3 31. bxc3 Qc6 32. Ra2 Qe6 33. Ra7 Rb8
34. Ra2 Bg5 35. Kg2 Bf4 36. Bf2 Qxe5 37. h4 Rc8 38. Re2 Qh5 0-1